Najlepsi strzelcy Stali Mielec w historii - Statystyki

Ogólne statystyki
  • Ten quiz został rozwiązany 37 razy
  • Średni wynik to 3 z 10
Statystyki odpowiedzi
Liczba bramek Piłkarz % Poprawnych
1. 111 bramek Grzegorz Lato
97%
2. 60 bramek Andrzej Szarmach
43%
3. 37 bramek Henryk Kasperczak
40%
4. 36 bramek Jan Domarski
40%
5. 36 bramek Bogusław Cygan
34%
7. 25 bramek Kazimierz Buda
11%
8. 25 bramek Maciej Śliwowski
3%
10. 21 bramek Witold Karaś
3%
6. 26 bramek Adam Fedoruk
0%
9. 23 bramki Włodzimierz Ciołek
0%
Nie znaleziono quizów pasujących do podanych kryteriów
Rozkład punktacji
Procent ludzi z każdym wynikiem
Percentyl według liczby udzielonych odpowiedzi
Twoja historia wyników
Nie rozwiązałeś tego quizu